Normal view
MARC view
Entry Término temático
001 - NÚMERO DE CONTROL
- campo de control: 72690
003 - IDENTIFICADOR DEL NÚMERO DE CONTROL
- campo de control: OSt
005 - FECHA Y HORA DE LA ÚLTIMA TRANSACCIÓN
- campo de control: 20200615040115.0
008 - DATOS DE LONGITUD FIJA
- campo de control de longitud fija: 200615|| aca||aabn | a|a d
040 ## - FUENTE DE LA CATALOGACIÓN
- Centro catalogador/agencia de origen: OSt
- Centro/agencia transcriptor: OSt
150 ## - ENCABEZAMIENTO--TÉRMINO DE MATERIA
- Término de materia o nombre geográfico como elemento de entrada: FERIA DEL LIBRO
- Subdivisión geográfica: REPÚBLICA DOMINICANA
- Subdivisión cronológica: 2014
- Subdivisión general: PROGRAMAS
670 ## - FUENTE DE DATOS ENCONTRADOS
- Cita de la fuente: Work cat.: (OSt)44180: Feria Internacional del Libro (17ª : 2014 : 24 de abril al 5 de mayo Santo Domingo, República Dominicana) 72688, XVII Feria Internacional del Libro Santo Domingo 2014 :, 2014.
